Statistics for Ultimate Pokemon Multiple Choice

Click here to take the quiz!

General Stats

  • This quiz has been taken 22 times
  • The average score is 12 of 25

Answer Stats

QuestionAnswer% Correct
Which of these forms can Castform not take?Dusty
93%
Which region does not have a legendary/mythical Pokemon beginning with Z?Johto
87%
Which item improves critical hit ratio when held?Razor Claw
80%
Similar to Blaze, Overgrow & Torrent, which other type has a 'power up in a pinch' ability?Bug
73%
Which Pokemon does not need to learn Ancient Power to evolve?Lickitung
73%
What do the following moves have in common? Fake Out Force Palm Mud Bomb Weather BallPP value
73%
Which evolution stone was not introduced in gen 4?Sun Stone
73%
Which Pokemon cannot be encountered on a honey tree?Spinarak
67%
If I told you a Pokemon, ignoring abilities, is immune to Ground moves, and the only weaknesses are Rock & Ice moves at 2x effectiveness, what type is the Pokemon?Electric/Flying
60%
Sableye and Hitmonchan share which Ability?Keen Eye
53%
Which of these Z-Crystals does not exist?Gengarium
47%
Which of these is not the colour of a flute in a Pokemon game?Green
47%
Which Poke Ball has the highest max catch rate?Quick Ball
47%
Which of these moves do not prevent an opposing Pokemon from fleeing?Vice Grip
47%
Which Pokemon is not categorised as the 'Balloon' Pokemon?Wailmer
47%
If I sold 3 Max Potions, how many Pokedollars would they sell for?3750
40%
Which Ultra Beast is not weak to Fighting type moves?Celesteela
40%
Which nature increases the Attack stat?Naughty
40%
How many Legendary Trios are there?9
27%
Which mega stone debuted in Omega Ruby & Alpha Sapphire?Audinite
27%
Which Champion's Pokemon is the lowest level?Lance's Dragonite, G/S/C
27%
Which of these is not a real gym badge?Lightning
27%
Which of these incense items do not correspond to a Psychic Pokemon?Luck
27%
Which of the following is not a starting location for a player character in a Pokemon game?Accumula Town
13%
Which apricorn is used to create a Moon ball?Yellow
13%

Score Distribution

Percentile by Number Answered

Percent of People with Each Score

Your Score History

You have not taken this quiz